Online katalóg knižníc regiónu Turca

Pamodaj šťastia, hokej! (Record no. 21876)

MARC details
000 -LEADER
fixed length control field 01210nab a2200325 a 4500
001 - CONTROL NUMBER
control field 21876
003 - CONTROL NUMBER IDENTIFIER
control field VRT
005 - DATE AND TIME OF LATEST TRANSACTION
control field 20260313141615.0
008 - FIXED-LENGTH DATA ELEMENTS--GENERAL INFORMATION
fixed length control field 120925c1991 xo 0 slo c
015 ## - NATIONAL BIBLIOGRAPHY NUMBER
National bibliography number SNBRB19rr/mm-uuuuu
035 ## - SYSTEM CONTROL NUMBER
System control number CL0431014
039 #9 - LEVEL OF BIBLIOGRAPHIC CONTROL AND CODING DETAIL [OBSOLETE]
Level of rules in bibliographic description 201901221336
Level of effort used to assign nonsubject heading access points AUTHORITY
Level of effort used to assign subject headings 201901221118
Level of effort used to assign classification csnkv15
Level of effort used to assign subject headings 201209252056
Level of effort used to assign classification VLOAD
040 ## - CATALOGING SOURCE
Original cataloging agency SNKBUCL
Language of cataloging slo
Transcribing agency SNKBUCL
Description conventions AACR2
044 ## - COUNTRY OF PUBLISHING/PRODUCING ENTITY CODE
MARC country code xo
ISO country code SK
080 ## - UNIVERSAL DECIMAL CLASSIFICATION NUMBER
Universal Decimal Classification number 796.966.093.1(437)
245 1# - TITLE STATEMENT
Title Pamodaj šťastia, hokej!
Remainder of title I. hokejová liga - 1. kolo ; František Rychetský, Milan Oulehla, Miloslav Vlašic, Vojtech Jurkovič, Jaroslav Kirchner, Jiří Zdvořáček, Jaroslav Jelínek
650 07 - SUBJECT ADDED ENTRY--TOPICAL TERM
Topical term or geographic name entry element ľadový hokej
Source of heading or term snkbucl
655 #7 - INDEX TERM--GENRE/FORM
Genre/form data or focus term články z novín a časopisov
Source of term snkbucl
700 1# - ADDED ENTRY--PERSONAL NAME
Personal name Rychetský, František
Relationship aut
700 1# - ADDED ENTRY--PERSONAL NAME
Personal name Oulehla, Milan
Relationship aut
700 1# - ADDED ENTRY--PERSONAL NAME
Personal name Vlašic, Miloslav
Relationship aut
700 1# - ADDED ENTRY--PERSONAL NAME
Personal name Jurkovič, Vojtech
Relationship aut
700 1# - ADDED ENTRY--PERSONAL NAME
Personal name Kirchner, Jaroslav
Relationship aut
700 1# - ADDED ENTRY--PERSONAL NAME
Personal name Zdvořáček, Jiří
Relationship aut
700 1# - ADDED ENTRY--PERSONAL NAME
Personal name Jelínek, Jaroslav
Titles and other words associated with a name (športový redaktor)
Relationship aut
773 0# - HOST ITEM ENTRY
Title Šport
Related parts Roč. 45, č. 225 (25. 9. 1991), s. 6
942 ## - ADDED ENTRY ELEMENTS (KOHA)
Source of classification or shelving scheme Dewey Decimal Classification
Koha item type Krásna literatúra pre deti
Suppress in OPAC No
Holdings
Stav vyradenia Strata Poškodenie Spôsob nadobudnutia Domovská knižnica Aktuálna knižnica Dátum nadobudnutia Total checkouts Čiarový kód exemplára Date last seen Typ exemplára
      Dar Obecná knižnica Horná Štubňa Obecná knižnica Horná Štubňa 13.03.2026   9788097419028 13.03.2026 Krásna literatúra pre deti
Projekt je podporený Slovenskou asociáciou knižníc
Prevádzkuje Turčianska knižnica Martin 2026